| 000 | 00688nam a2200205 a 4500 | ||
|---|---|---|---|
| 005 | 20240924065135.0 | ||
| 008 | 991125s1930 mx 000 0 spa u | ||
| 035 | _aUPN01000001247 | ||
| 049 | _aSEP | ||
| 050 | 4 |
_aL227 D671 _bM2.9a |
|
| 110 | 1 |
_aMéxico. _bDirección de Misiones Culturales _928111 |
|
| 245 | 1 | 0 |
_aAgricultura : _bla influencia del tiempo en la agricultura / _cDirección de Misiones Culturales. |
| 260 |
_aMéxico : _bDirección de Misiones Culturales, _c[1930?]. |
||
| 300 | _a3 h. | ||
| 650 | 4 |
_aAgricultura _xEstudio y enseñanza _92003 |
|
| 650 | 4 |
_aEducación a distancia _97924 |
|
| 650 | 4 |
_aEducación rural _zMéxico _94430 |
|
| 905 | _aLibro | ||
| 999 |
_c1247 _d1247 |
||